| 000 | 00768nam a22002538a 4500 | ||
|---|---|---|---|
| 001 | 016010301 | ||
| 003 | Uk | ||
| 005 | 20150314154634.0 | ||
| 008 | 120111s2013 si 000 0 eng|d | ||
| 015 |
_aGBB204564 _2bnb |
||
| 020 | _a9789814364362 | ||
| 020 | _z9789814364379 (eBook) | ||
| 040 |
_aStDuBDS _beng _cStDuBDS |
||
| 082 | 0 | 0 |
_a621.365 _222 _bYUP |
| 100 | 1 | _aYupapin, Preecha P. | |
| 245 | 1 | 0 |
_aNanophotonics : _bdevices, circuits and systems / _cPreecha P. Yupapin , Keerayoot Srinuanjan, Surachart Kamoldilok. |
| 260 |
_aSingapore : _bPan Stanford ; _cc.2013 |
||
| 300 |
_avii, 168 pages ; _c23 cm. |
||
| 650 | 0 |
_aNanophotonics. _931405 |
|
| 650 | 0 | _aSignal processing. | |
| 653 |
_bENGGEN _cMarch2015 |
||
| 655 |
_vreading book _934232 |
||
| 942 | _2ddc | ||
| 999 |
_c19034 _d19006 |
||